000 00696nam a2200169 a 4500
008 120416s2004 ||||||||||||||||| || u
050 _aUN-ECE(05)TB/2003/6
110 _aUnited Nations Economic Commission for Europe (UNECE)
245 1 0 _aForest products markets: Prospects for 2004
246 _aTimber Bulletin
260 _aGeneva
_bUNITED NATIONS
_c2004
300 _aVol.LVI (2003), No. 6
350 _a0.00
650 _aFOREST PRODUCTS INDUSTRY
710 _aUnited Nations Food and Agriculture Organisation (FAO)
995 _D0.00
_FCBU-MAIN LIBRARY (Kitwe)
_H1
_I0.00
_M1
_UAVAILABLE
_WMar 30, 2010
_ZInternational Publications
999 _c43790
_d43790